|
|
|
|
| LEADER |
01628nam a2200409 a 4500 |
| 001 |
EBC1177207 |
| 003 |
MiAaPQ |
| 005 |
20200520144314.0 |
| 006 |
m o d | |
| 007 |
cr cn||||||||| |
| 008 |
121212s2013 fluabd sb 000 0 eng d |
| 010 |
|
|
|z 2012037116
|
| 020 |
|
|
|z 9780415621083 (hardback : alk. paper)
|
| 020 |
|
|
|a 9780203118054 (electronic bk.)
|
| 035 |
|
|
|a (MiAaPQ)EBC1177207
|
| 035 |
|
|
|a (Au-PeEL)EBL1177207
|
| 035 |
|
|
|a (CaPaEBR)ebr10691556
|
| 035 |
|
|
|a (CaONFJC)MIL501713
|
| 035 |
|
|
|a (OCoLC)841206469
|
| 040 |
|
|
|a MiAaPQ
|c MiAaPQ
|d MiAaPQ
|
| 050 |
|
4 |
|a TK1087
|b .P76 2013
|
| 082 |
0 |
4 |
|a 333.792/30684
|2 23
|
| 245 |
0 |
0 |
|a Project development in the solar industry
|h [electronic resource] /
|c edited by Albert Fong & Jesse Tippett ; with contributions from Arturo Alvarez ... [et al.] ; text edited by Jane Tippett & Santiago Quintana.
|
| 260 |
|
|
|a Boca Raton :
|b CRC Press/Taylor & Francis Group,
|c 2013.
|
| 300 |
|
|
|a xxx, 242 p. :
|b ill., maps.
|
| 500 |
|
|
|a "A Balkema book."
|
| 504 |
|
|
|a Includes bibliographical references (p. 239-242).
|
| 533 |
|
|
|a Electronic reproduction. Ann Arbor, MI : ProQuest, 2015. Available via World Wide Web. Access may be limited to ProQuest affiliated libraries.
|
| 650 |
|
0 |
|a Photovoltaic power generation
|x Design and construction.
|
| 655 |
|
4 |
|a Electronic books.
|
| 700 |
1 |
|
|a Fong, Albert.
|
| 700 |
1 |
|
|a Tippett, Jesse.
|
| 700 |
1 |
|
|a Alvarez, Arturo.
|
| 700 |
1 |
|
|a Tippett, Jane.
|
| 700 |
1 |
|
|a Quintana, Santiago.
|
| 710 |
2 |
|
|a ProQuest (Firm)
|
| 856 |
4 |
0 |
|u https://ebookcentral.proquest.com/lib/matrademy/detail.action?docID=1177207
|z Click to View
|